000 00865nam a2200277 i 4500
001 000042774
003 DO-SdBNP
005 20250408113911.0
007 ta
008 140207s2011 dr r 000 p spa d
020 _a9789993449775
020 _a9789993449799
040 _aDO-SdBNP
_bspa
_cBNPHU
_erda
082 _axxxx
_bB443o
_222
100 1 _aBelliard, Basilio,
_d1966-
_eautor
_4aut.
_923510
245 1 0 _aOficio de arena :
_bminificciones fantásticas /
_cBasilio Belliard.
264 4 _aSanto Domingo :
_bEditorial Gente,
_c©2011.
300 _a65 páginas
_c21 cm.
336 _atexto
_btxt
_2rdacontent
337 _asin mediación
_bn
_2rdamedia
338 _avolumen
_bnc
_2rdacarrier
500 _aIncluye datos biografícos del autor en la solapa de la cubierta.
590 _aInventariado, 2025/ YL
910 _aYLockward
942 _2ddc
_cLBS1
999 _c42263
_d42263